| 000 | 00713nam a22002175i 4500 | ||
|---|---|---|---|
| 001 | 166749 | ||
| 003 | ES-MaACL | ||
| 005 | 20250927114717.0 | ||
| 008 | 000121s1869 fr a |||| | fre d | ||
| 040 |
_aM-RACE _bspa _cM-RACE _dCCPB | B |
||
| 100 | 1 |
_aTyndall, John ( _d1820-1893) _9133425 |
|
| 245 | 1 | 3 |
_aLe son / _cpar John Tyndall ; traduit de l'anglais par L'Abbe Moigno. |
| 260 |
_aParis : _bGauthier-Villars, imprimeur-libraire, _c1869. |
||
| 300 |
_aXXVI, 381 p. : _bil. ; _c22 cm. |
||
| 650 | 4 |
_aAcústica. _9135495 |
|
| 650 | 4 |
_aSonido. _9136890 |
|
| 700 | 1 |
_aMoigno, François, _d1804-1884 _9130010 |
|
| 852 |
_aES-MaACL _jB-1691 _z-- Enc. hol. |
||
| 999 |
_c166749 _d166749 |
||